000 00715nam a2200253Ia 4500
003 OSt
005 20220918182250.0
006 a|||||r|||| 00| 0
007 ta
008 220917b |||||||| |||| 00| 0 eng d
024 _a31,579
037 _cTextual
040 _aARTS
_cARTS
_beng
041 _2eng
_aeng
082 _aO111,3M12,OT, K1
100 _aDickens Charles
_911511
245 0 _aAdventures of Oliver Twist
_b Introduction by S H Burton
260 _aLondon
_bLongmans
_c1961
300 _aLii, 523p.
_ccm.
490 _aHeritage literature series
650 _aENGLISH LITERATURE
942 _hO111,3M12,OT, K1
_cTEXL
_2CC
999 _c168338
_d168338